000 01280 a2200217 4500
001 61064
005 20260407155901.0
008 260407a1985 arg spa d
003 AR-UNSa-BCEJYS
040 _aAR-UNSa-BCEJYS
_bspa
_cAR-UNSa-BCEJYS
080 _a343.359
_xDelitos contra el fisco y otras autoridades administrativas (Derecho Penal Tributario, Delitos fiscales)
245 1 0 _aDerecho tributario penal
020 _a978-950-14-0270-4
264 1 _aBuenos Aires :
_bEdiciones Depalma
_c1985
300 _axx, 411 p.
_c23 cm.
505 _a1. Introducción - 2. Naturaleza del ilícito tributario y de sus sanciones - 3. Delitos y contravenciones - 4. Potestad tributaria penal de las provincias - 5. Aplicación temporal de la ley tributaria penal - 6. Imputabilidad - 7. Culpabilidad - 8. El error excusable - 9. La acción antijurídica - 10. Tentativa - 11. Responsabilidad penal tributaria por el acto de terceros - 12. Participación criminal - 13. Concurso de infracciones - 14. Reincidencia - 15. Convertibilidad de sanciones - 16. Condena condicional. Libertad condicional. Excarcelación - 17. Extinción de acciones y de sanciones.
041 _aspa
942 _cBK
590 _aniveau_biblio:m niveau_hierar:0
100 1 _aGarcía Belsunce, Horacio A.
999 _c7194
_d7194